Science Quiz

Random Science or Clickable Quiz
Score 0/17 Timer 14:00
0 Plays Today
% Correct
photosensitivity, chelation, Fetus: skeletal retardation. Child: teeth discoloration
84.5%
anaphylaxis, glossitis, superinfection
84.1%
ruptured tendons, tendonitis, photosensitivity
81.5%
hypersensitivity, nephrotoxic, ototoxic
80.5%
Grey Syndrome, Peripheral Neuropathy, Fatal aplastic anemia
80%
Red man syndrome
78.6%
reye's syndrome
77.4%
photosensitivity, crystalluria(renal issues), kernicterus(neurotoxic) and Steven-Johnson syndrome
75.3%
causes C. Diff, EKG Changes, Steven-Johnson Syndrome
74.4%
% Correct
seizures
72.2%
flu like symptoms
71%
prolonged QT intervals
70.8%
myelosupresson
70.5%
hypoglycemia, hepatotoxicity
64.6%
drug induced liver disease
63.6%
antabuse-like effects with ETOH
60.3%
Antabuse-like effects, neurotoxicity
58%
Remove Ads.
Support Sporcle.
Get the best of Sporcle when you Go Orange. This ad-free experience offers more features, more stats, and more fun while also helping to support Sporcle. Thank you for becoming a member.

You're not logged in!

Compare scores with friends on all Sporcle quizzes.
OR
Log In

Show Comments

Extras

Top Quizzes Today


Score Distribution

Your Account Isn't Verified!

In order to create a playlist on Sporcle, you need to verify the email address you used during registration. Go to your Sporcle Settings to finish the process.

Report this User

Report this user for behavior that violates our Community Guidelines.

Details: